00369pam a2200145a 44500008004100000020002400041082001600065100002200081245003100103250001300134260003600147300001000183906001100193999001900204230405s2008 xxu||||| |||| 00| 0 eng d a0761936297cRs. 595 a610.73bSRI aSrinivasan, A.V.  aManaging a Modern Hospital a2nd Ed.  aNew DelhibResponse Booksc2008 a371 p a000905 c249669d249669